00930nam a2200265 i 450000100060000000300090000600500170001500700030003200800410003502000180007608000260009410000530012024500560017325000120022926000370024130000220027849000330030049000340033360000530036783000410042083000420046185200220050399900170052595201220054253534ES-MaACL20250904063047.0t|021126s2002 sp |||| |aspa j a84-397-0949-8 a821.134.2(861)-94"19"1 aGarcía Márquez, Gabriel, d1927-2014924219110aVivir para contarla / cGabriel García Márquez. a1ª ed. aBarcelona : bMondadori, c2002. a579 p. ; c24 cm.1 aLiteratura Mondadori ; v1921 aBiblioteca García Márquez14aGarcía Márquez, Gabriel, d1927-201492421910 aLiteratura Mondadori ; v19291786300 aBiblioteca García Márquez9179974 aES-MaACLjL-26599 c53534d53534 00104070aATENEOMbATENEOMcDEPO2d2008-01-17eSCl0oL-26599p1056254r2023-02-23 00:00:00w2023-02-23yMONOGRAFIA